00426 a2200097 4500020001800000100002000018245008900038260005000127999001900177952013200196 a9789395664356 aSoni S.9211652 aभारताची उज्ज्वल विज्ञान परंपरा bBharatiya Vichar Sadhana Pune Prakashanc2024 c365611d365611 00102ddc4070aCCEPbCCEPd2025-03-13e188g140.00l0o891.46 SONpCCEP-BK-68726r2025-03-13 00:00:00v200.00w2025-03-13yBK